000 00398cam a22001217a 4500
008 180718b1975 xxu||||| |||| 00| 0 eng d
082 _aBA27x54 W118
100 _aWaddell, L.A.
245 _aTribes of the Brahmaputra Valley: a contribution on their physical types and affinities
_cby L.A. Waddell
260 _aDelhi
_bSanskaran Prak.
_c1975
300 _a127p.
650 _aBackward classes - India.
999 _c356723
_d356723